[Event "European zonal 2 group B"]
[Site "Luzern SUI"]
[Date "1979.05.26"]
[Round "7"]
[White "Helmers, Knut"]
[Black "Dueckstein, Andreas"]
[Result "1-0"]
[WhiteElo "2345"]
[BlackElo "2425"]
[EventDate "1979.05.20"]
[WhiteFideId "-1"]
[BlackFideId "-1"]
[PlyCount "55"]
[Beauty "8248887350791"]
[GameId "272191928181"]
[EventType "tourn"]
[EventRounds "11"]
[EventCountry "SUI"]
[EventCategory "7"]
[SourceTitle "EXT 1999"]
[Source "ChessBase"]
[SourceDate "1998.11.16"]
[SourceVersion "1"]
[SourceVersionDate "1998.11.16"]
[SourceQuality "1"]

1.Nf3 f5 2.g3 Nf6 3.Bg2 d6 4.d4 e6 5.O-O Be7 6.c4 O-O 7.Nc3 Qe8 8.b3 a5 9.
e3 Na6 10.Bb2 c6 11.Qe2 Nc7 12.Na4 b5 13.Nb6 Rb8 14.Nxc8 Qxc8 15.cxb5 cxb5
16.d5 Ncxd5 17.Nd4 Qd7 18.Rac1 Rb6 19.Rfd1 Nc7 20.Rxc7 Qxc7 21.Nxe6 Qc8 
22.Nxf8 Qxf8 23.Bd4 Rb8 24.Ba7 Rc8 25.Qxb5 Rc2 26.Qxf5 Rxa2 27.Rc1 Qf7 28.
Bd4 1-0

[Event "European zonal 2 group B"]
[Site "Luzern SUI"]
[Date "1979.05.30"]
[Round "11"]
[White "Dueckstein, Andreas"]
[Black "Olafsson, Helgi"]
[Result "1-0"]
[WhiteElo "2425"]
[BlackElo "2420"]
[EventDate "1979.05.20"]
[WhiteFideId "-1"]
[BlackFideId "-1"]
[PlyCount "107"]
[Beauty "6736119335439"]
[GameId "272191928200"]
[EventType "tourn"]
[EventRounds "11"]
[EventCountry "SUI"]
[EventCategory "7"]
[SourceTitle "EXT 1999"]
[Source "ChessBase"]
[SourceDate "1998.11.16"]
[SourceVersion "1"]
[SourceVersionDate "1998.11.16"]
[SourceQuality "1"]

1.e4 c5 2.Nf3 e6 3.c3 d5 4.e5 Qb6 5.d4 Bd7 6.Be2 Bb5 7.c4 Bxc4 8.Bxc4 Qb4+
9.Nbd2 dxc4 10.a3 Qb5 11.Qe2 cxd4 12.Nxd4 Qd5 13.N4f3 Qd3 14.Nxc4 Qxe2+ 
15.Kxe2 Nc6 16.Rd1 b5 17.Nd6+ Bxd6 18.exd6 Nf6 19.Bg5 Kd7 20.Rac1 Rhf8 21.
Rc5 Rac8 22.Rdc1 Ne4 23.Rxc6 Rxc6 24.Ne5+ Kxd6 25.Nxc6 Nxg5 26.Nxa7 Rb8 
27.Rc6+ Kd5 28.b4 e5 29.Rc5+ Ke4 30.f3+ Kf5 31.Nc6 Ra8 32.Nd4+ Kf6 33.Nxb5
Ne6 34.Rc6 Ke7 35.Ke3 Kd7 36.Rb6 Nf4 37.Rd6+ Ke7 38.g3 Ne6 39.Rd3 f5 40.
Rd5 f4+ 41.Kd3 Ng5 42.Rxe5+ Kf6 43.gxf4 Nxf3 44.Re2 Nh4 45.Rc2 Kf5 46.Rc7 
Kxf4 47.Rxg7 h5 48.Na7 Nf3 49.b5 Nxh2 50.b6 Ng4 51.b7 Ne5+ 52.Kd4 Rd8+ 53.
Kc5 h4 54.Nc6 1-0

[Event "European zonal 2 final"]
[Site "Luzern SUI"]
[Date "1979.06.06"]
[Round "3"]
[White "Helmers, Knut"]
[Black "Gruenfeld, Yehuda"]
[Result "0-1"]
[WhiteElo "2345"]
[BlackElo "2330"]
[EventDate "1979.06.04"]
[WhiteFideId "-1"]
[BlackFideId "-1"]
[PlyCount "78"]
[Beauty "7701010579484"]
[GameId "272191928779"]
[EventType "tourn"]
[EventRounds "7"]
[EventCountry "SUI"]
[EventCategory "8"]
[SourceTitle "EXT 1999"]
[Source "ChessBase"]
[SourceDate "1998.11.16"]
[SourceVersion "1"]
[SourceVersionDate "1998.11.16"]
[SourceQuality "1"]

1.Nf3 Nf6 2.c4 b6 3.g3 Bb7 4.Bg2 e6 5.O-O Be7 6.b3 O-O 7.Bb2 d5 8.e3 dxc4 
9.bxc4 c5 10.d3 Nc6 11.Qe2 a6 12.Nc3 Rb8 13.Rab1 Qc7 14.Ba1 Rfd8 15.Rfd1 
Ne8 16.Ne1 Na7 17.a4 Bxg2 18.Kxg2 Nc6 19.f4 Bf6 20.g4 g6 21.g5 Bg7 22.Nf3 
Nd6 23.Nd2 Nf5 24.Nde4 Rd7 25.Kh1 Rbd8 26.a5 Nb4 27.axb6 Qc6 28.Qf3 Kh8 
29.d4 cxd4 30.exd4 a5 31.d5 Qxc4 32.dxe6 Qxe6 33.Rxd7 Qxd7 34.Nc5 Qc8 35.
N3e4 Nd4 36.Bxd4 Bxd4 37.Rd1 Nc6 38.b7 Qc7 39.Rb1 Nb8 0-1

[Event "European zonal 2 final"]
[Site "Luzern SUI"]
[Date "1979.06.07"]
[Round "4"]
[White "Wedberg, Tom"]
[Black "Gruenfeld, Yehuda"]
[Result "0-1"]
[WhiteElo "2370"]
[BlackElo "2330"]
[EventDate "1979.06.04"]
[WhiteFideId "-1"]
[BlackFideId "-1"]
[PlyCount "104"]
[Beauty "6875974205448"]
[GameId "272191928786"]
[EventType "tourn"]
[EventRounds "7"]
[EventCountry "SUI"]
[EventCategory "8"]
[SourceTitle "EXT 1999"]
[Source "ChessBase"]
[SourceDate "1998.11.16"]
[SourceVersion "1"]
[SourceVersionDate "1998.11.16"]
[SourceQuality "1"]

1.e4 c5 2.Nf3 d6 3.d4 cxd4 4.Nxd4 Nf6 5.Nc3 a6 6.Bc4 e6 7.Bb3 b5 8.O-O Be7
9.Qf3 Qb6 10.Be3 Qb7 11.a3 O-O 12.Rfe1 Bd7 13.Qg3 Nc6 14.Nxc6 Bxc6 15.Bh6 
Ne8 16.Rad1 Kh8 17.Bf4 Rg8 18.Bg5 Bxg5 19.Qxg5 a5 20.Rd4 Qb6 21.Red1 Qc5 
22.Qg3 Rb8 23.a4 b4 24.Ne2 e5 25.Rc4 Qb6 26.c3 bxc3 27.Nxc3 Bd7 28.Bc2 Be6
29.Nd5 Qxb2 30.Qc3 Qxc3 31.Rxc3 Rf8 32.Rc6 Rb2 33.Ne3 g6 34.Ra6 f5 35.exf5
gxf5 36.Rc1 f4 37.Nd1 Rb4 38.Ra1 Rd4 39.Rxa5 Rd2 40.Rc1 Nf6 41.Rb5 Rc8 42.
Rb2 Rc5 43.h3 Kg7 44.Kf1 Bc4+ 45.Kg1 Be2 46.Rb7+ Kh6 47.Rf7 Rcxc2 48.Rxf6+
Kg5 49.Rxc2 Rxc2 50.Rxd6 Rc1 51.Kh2 Rxd1 52.Re6 Rd5 0-1

[Event "European zonal 2 final"]
[Site "Luzern SUI"]
[Date "1979.06.08"]
[Round "5"]
[White "Gruenfeld, Yehuda"]
[Black "Olafsson, Helgi"]
[Result "1-0"]
[WhiteElo "2330"]
[BlackElo "2420"]
[EventDate "1979.06.04"]
[WhiteFideId "-1"]
[BlackFideId "-1"]
[PlyCount "85"]
[Beauty "7491899371098"]
[GameId "272191928787"]
[EventType "tourn"]
[EventRounds "7"]
[EventCountry "SUI"]
[EventCategory "8"]
[SourceTitle "EXT 1999"]
[Source "ChessBase"]
[SourceDate "1998.11.16"]
[SourceVersion "1"]
[SourceVersionDate "1998.11.16"]
[SourceQuality "1"]

1.e4 e5 2.Nf3 Nc6 3.Bb5 a6 4.Ba4 Nf6 5.O-O Be7 6.Re1 b5 7.Bb3 O-O 8.c3 d6 
9.h3 Na5 10.Bc2 c5 11.d4 Qc7 12.Nbd2 cxd4 13.cxd4 Nc6 14.Nb3 a5 15.Be3 a4 
16.Nbd2 Nb4 17.Bb1 Bd7 18.a3 Nc6 19.Bd3 Na5 20.Qe2 Qb8 21.Nh2 Bd8 22.f4 
Re8 23.Nhf3 Nd5 24.exd5 exf4 25.Bxh7+ Kf8 26.Ne4 fxe3 27.Nfg5 Rxe4 28.Nxe4
Nc4 29.Rf1 Be8 30.Rf4 Qb6 31.Raf1 Ra7 32.Bg6 Nd2 33.Nxd2 exd2 34.Qh5 Bf6 
35.Qh8+ Ke7 36.Re4+ Be5 37.Kh1 Rc7 38.Bh5 Rc1 39.Bd1 f5 40.Qxg7+ Kd8 41.
Qg5+ Kc7 42.Qe7+ Bd7 43.Rh4 1-0

[Event "European zonal 2 final"]
[Site "Luzern SUI"]
[Date "1979.06.08"]
[Round "5"]
[White "Kagan, Shimon"]
[Black "Wedberg, Tom"]
[Result "0-1"]
[WhiteElo "2465"]
[BlackElo "2370"]
[EventDate "1979.06.04"]
[WhiteFideId "-1"]
[BlackFideId "-1"]
[PlyCount "56"]
[Beauty "8246895063086"]
[GameId "272191928790"]
[EventType "tourn"]
[EventRounds "7"]
[EventCountry "SUI"]
[EventCategory "8"]
[SourceTitle "EXT 1999"]
[Source "ChessBase"]
[SourceDate "1998.11.16"]
[SourceVersion "1"]
[SourceVersionDate "1998.11.16"]
[SourceQuality "1"]

1.e4 e5 2.Nf3 Nc6 3.Bb5 f5 4.Nc3 Nd4 5.Ba4 Nf6 6.exf5 Bc5 7.O-O O-O 8.d3 
d5 9.Bg5 c6 10.Nxe5 Bxf5 11.h3 Qc7 12.Nf3 Bg4 13.Nxd4 Bxd1 14.Ne6 Qe5 15.
Nxc5 Qxg5 16.Raxd1 b5 17.Bb3 Rae8 18.N3e4 Nxe4 19.Nxe4 Qf4 20.Ng3 Kh8 21.
d4 Qg5 22.Rd3 Re7 23.c3 Rfe8 24.Rf3 Qd2 25.Nf5 Re1 26.Rxe1 Qxe1+ 27.Kh2 
Rf8 28.Bc2 g6 0-1

[Event "European zonal 2 final"]
[Site "Luzern SUI"]
[Date "1979.06.09"]
[Round "6"]
[White "Kagan, Shimon"]
[Black "Huebner, Robert"]
[Result "0-1"]
[WhiteElo "2465"]
[BlackElo "2595"]
[EventDate "1979.06.04"]
[WhiteFideId "-1"]
[BlackFideId "-1"]
[PlyCount "72"]
[Beauty "7907974344237"]
[GameId "272191928791"]
[EventType "tourn"]
[EventRounds "7"]
[EventCountry "SUI"]
[EventCategory "8"]
[SourceTitle "EXT 1999"]
[Source "ChessBase"]
[SourceDate "1998.11.16"]
[SourceVersion "1"]
[SourceVersionDate "1998.11.16"]
[SourceQuality "1"]

1.e4 c5 2.Nf3 Nc6 3.d4 cxd4 4.Nxd4 Nf6 5.Nc3 d6 6.g3 Bg4 7.f3 Bd7 8.Be3 a6
9.g4 e6 10.Qd2 Be7 11.O-O-O Rc8 12.h4 Ne5 13.Kb1 b5 14.Rc1 O-O 15.Rg1 b4 
16.Nd1 d5 17.g5 Ne8 18.f4 Nc4 19.Bxc4 dxc4 20.c3 Nd6 21.Nf2 bxc3 22.Qxc3 
Nb5 23.Nxb5 axb5 24.a3 Rb8 25.Bd4 b4 26.axb4 Bxb4 27.Qe3 e5 28.Bxe5 Ra8 
29.Bc3 Qa5 30.Kc2 Bc5 31.Qg3 Qb6 32.Ng4 Bxg4 33.Qxg4 Be3 34.Kb1 Ra6 35.Be5
Qb3 36.Rc3 Rfa8 0-1

[Event "European zonal 2 final"]
[Site "Luzern SUI"]
[Date "1979.06.09"]
[Round "6"]
[White "Karlsson, Lars"]
[Black "Gruenfeld, Yehuda"]
[Result "1/2-1/2"]
[WhiteElo "2360"]
[BlackElo "2330"]
[EventDate "1979.06.04"]
[WhiteFideId "-1"]
[BlackFideId "-1"]
[PlyCount "73"]
[Beauty "6324473572407"]
[GameId "272191928792"]
[EventType "tourn"]
[EventRounds "7"]
[EventCountry "SUI"]
[EventCategory "8"]
[SourceTitle "EXT 1999"]
[Source "ChessBase"]
[SourceDate "1998.11.16"]
[SourceVersion "1"]
[SourceVersionDate "1998.11.16"]
[SourceQuality "1"]

1.Nf3 Nf6 2.g3 g6 3.Bg2 Bg7 4.O-O O-O 5.c4 d6 6.d4 Nc6 7.d5 Na5 8.Nfd2 c5 
9.Nc3 a6 10.Rb1 Qc7 11.b3 Rb8 12.Bb2 b5 13.Qc2 bxc4 14.bxc4 Bh6 15.e3 Bf5 
16.Nce4 Nxe4 17.Bxe4 Bxe4 18.Qxe4 Rb7 19.Bc3 Rfb8 20.Rxb7 Rxb7 21.f4 Bg7 
22.Bxg7 Kxg7 23.f5 Qc8 24.Qd3 f6 25.Qc3 Qd8 26.fxg6 hxg6 27.g4 g5 28.Ne4 
Kg8 29.Qd3 Qc8 30.Nxg5 Qxg4+ 31.Kh1 Qh5 32.Qf5 Rb2 33.Qc8+ Kg7 34.Nf3 Kf7 
35.Qe6+ Kf8 36.Qc8+ Kf7 37.Qe6+ 1/2-1/2

[Event "European zonal 2 final"]
[Site "Luzern SUI"]
[Date "1979.06.10"]
[Round "7"]
[White "Gruenfeld, Yehuda"]
[Black "Sigurjonsson, Gudmundur"]
[Result "1-0"]
[WhiteElo "2330"]
[BlackElo "2500"]
[EventDate "1979.06.04"]
[WhiteFideId "-1"]
[BlackFideId "-1"]
[PlyCount "47"]
[Beauty "8248618932750"]
[GameId "272191928795"]
[EventType "tourn"]
[EventRounds "7"]
[EventCountry "SUI"]
[EventCategory "8"]
[SourceTitle "EXT 1999"]
[Source "ChessBase"]
[SourceDate "1998.11.16"]
[SourceVersion "1"]
[SourceVersionDate "1998.11.16"]
[SourceQuality "1"]

1.e4 c5 2.Nf3 d6 3.d4 Nf6 4.Nc3 cxd4 5.Nxd4 a6 6.Bg5 e6 7.f4 Qc7 8.Bd3 Be7
9.Nf3 Qb6 10.Qd2 Qxb2 11.Rb1 Qa3 12.e5 dxe5 13.fxe5 Nd5 14.Rb3 Qa5 15.Bxe7
Nxe7 16.O-O Nbc6 17.Qf4 h6 18.Ne4 O-O 19.Nf6+ Kh8 20.Nh7 Rd8 21.Nhg5 hxg5 
22.Qxf7 Ng8 23.Qg6 Rxd3 24.Nxg5 1-0